00635nam a22002177a 4500003000500000005001700005008004100022010001000063011001000073035001000083040000900093082002400102100003100126245007600157260007400233300002300307490001900330650002600349650002300375830001900398CHAP20220329134334.0971013s1972 r 00010 d a18989 a19961 a24048 cCHAP a633.68bD5Y 1960-6800aDíaz D., Rafael Orlando. aTendencias de la producción mundial y rendimiento de la yuca, 1960-68 aCali, Colombia :bCentro Internacional de Agricultura Tropical,c1972 a119 p.b: gráfs. aBoletín RB-114aYucaxEstadísticas.14aYucaxRendimiento.0 aBoletín RB-1